|
|
|
|
| LEADER |
00000nam a2200000Ii 4500 |
| 001 |
DIGEPUJ0499 |
| 003 |
NyNyDIG |
| 006 |
m o d |
| 007 |
cr ||||||||||| |
| 008 |
251104s2025 ck a ob 000 0 spa d |
| 035 |
|
|
|a (OCoLC)1548425704
|
| 040 |
|
|
|a DGITA
|b eng
|e rda
|e pn
|c DGITA
|
| 020 |
|
|
|a 9786287618909
|q (eBook)
|
| 020 |
|
|
|a 9786287618916
|q (pdf)
|
| 050 |
1 |
4 |
|a RT82 ebook
|
| 245 |
0 |
0 |
|a Manual de valoración en enfermería a partir de los dominios de la taxonomía NANDA /ceditoras, Flor Neyfy Botina Muñoz, Olga Osorio Murillo, Mónica Lorena Quijano Liévano.
|
| 264 |
|
1 |
|a Santiago de Cali :
|b Pontificia Universidad Javeriana Cali,
|c 2025.
|
| 300 |
|
|
|a 1 online resource :
|b illustrations.
|
| 336 |
|
|
|a text
|b txt
|2 rdacontent
|
| 337 |
|
|
|a computer
|b c
|2 rdamedia
|
| 338 |
|
|
|a online resource
|b cr
|2 rdacarrier
|
| 347 |
|
|
|a text file
|2 rdaft
|
| 347 |
|
|
|b PDF
|
| 504 |
|
|
|a Includes bibliographical references.
|
| 588 |
0 |
|
|a Online resource; title from PDF title page (Digitalia, viewed November 4, 2025)
|
| 650 |
|
0 |
|a Nursing
|x Study and teaching.
|
| 650 |
|
0 |
|a Nursing
|x Vocational guidance.
|
| 700 |
1 |
|
|a Botina Muñoz, Flor Neyfy,
|e editor.
|
| 700 |
1 |
|
|a Osorio Murillo, Olga,
|e editor.
|
| 700 |
1 |
|
|a Quijano Liévano, Mónica Lorena,
|e editor.
|
| 791 |
2 |
|
|a Digitalia (Firm),
|e distributor.
|
| 793 |
0 |
|
|g Digitalia eBook Collection:
|a Pontificia Universidad Javeriana
|
| 856 |
4 |
0 |
|3 Digitalia Hispánica
|u https://www.digitaliapublishing.com/a/180946/
|
| 910 |
|
|
|a Premium collection: 2025
|